| 000 | 00412nam a2200145 a 4500 | ||
|---|---|---|---|
| 001 | 2733 | ||
| 003 | CDMR | ||
| 005 | 20130116135235.0 | ||
| 008 | 130130s1997||||||||||||||||||||||||||||d | ||
| 040 |
_aCDMR _bcat _cCPC LLEIDA |
||
| 110 | 2 |
_aConsorci de Normalització Lingüística _92054 |
|
| 245 | 1 | 0 |
_aManual per a les Arts Gràfiques _cConsorci Normalització Lingüística |
| 260 |
_aLleida _c1997 _bCNL |
||
| 942 | _cMON | ||
| 999 |
_c2733 _d2733 |
||